| 000 | 00559nam a22001937a 4500 | ||
|---|---|---|---|
| 005 | 20251108163346.0 | ||
| 008 | 250721s1985 xx 000 0 ara d | ||
| 082 | 1 | 4 | _a214.2/عمر |
| 100 | 1 | _aالأشقر، عمر سليمان | |
| 245 | 1 | 0 | _aالرسل و الرسالات / |
| 250 | _aط3 | ||
| 264 | 1 |
_aالكويت : _bالفلاح، _c1985. |
|
| 300 | _a296ص | ||
| 490 | 0 | _aالعقيدة في ضوء الكتاب والسنة ؛4 | |
| 650 | 1 | 7 | _aأصول الدين الإسلامي |
| 650 | 1 | 7 | _aالنبوة |
| 942 |
_2ddc _cBK |
||
| 999 |
_c677 _d677 |
||